Manchester United Players 2023 - Statistics

General Stats
  • This quiz has been taken 32 times
  • The average score is 21 of 31
Answer Stats
Answer % Correct
David De Gea
100%
Marcus Rashford
100%
Harry Maguire
97%
Bruno Fernandes
93%
Diogo Dalot
93%
Luke Shaw
93%
Aaron Wan-Bissaka
90%
Fred
90%
Jadon Sancho
90%
Anthony Martial
86%
Lisandro Martinez
86%
Scott McTominay
86%
Casemiro
83%
Antony
79%
Raphael Varane
79%
Alejandro Garnacho
72%
Cristian Eriksen
72%
Victor Lindelof
72%
Wout Weghorst
72%
Tyrell Malacia
66%
Anthony Elanga
59%
Marcel Sabitzer
59%
Phil Jones
59%
Tom Heaton
59%
Jack Butland
52%
Brandon Williams
45%
Kobbie Mainoo
34%
Facundo Pellestri
24%
Zerdan Iqbal
24%
Donny van der Beek
21%
Teden Mengi
10%
No matching quizzes found
Score Distribution
Percent of People with Each Score
Percentile by Number Answered
Your Score History
You have not taken this quiz